Zabezpečená komunikácia s mobilným senzorom

Salvato in:
Dettagli Bibliografici
Autore principale: Krkoška, Marián (Autore)
Altri autori: Zajac, Pavol (Relatore della tesi)
Natura: Manoscritto Libro
Lingua:slovacco
Pubblicazione: 2017
Soggetti:
Accesso online:http://is.stuba.sk/zp/portal_zp.pl?podrobnosti=116062
Tags: Aggiungi Tag
Nessun Tag, puoi essere il primo ad aggiungerne!!

MARC

LEADER 00000ntm a22000003a 4500
001 stuzp60523
003 SK-STU
005 20170728095941.0
007 ta
008 150427s2015----xo-----f-mn---000-0-slo-d
040 |a STU  |b slo 
041 0 |a slo 
044 |a xo 
100 1 |a Krkoška, Marián  |u 035000  |4 aut  |U FEI Fakulta elektrotechniky a informatiky  |T FEI Ústav informatiky a matematiky  |X 74736  |U E050  |Y 816  |7 74736 
242 0 1 |a Secure communication with mobile sensor  |y eng 
245 1 0 |a Zabezpečená komunikácia s mobilným senzorom 
260 |c 2017 
300 |a 40 s.,   |b CD-ROM 
650 4 |a Bluetooth RN4020  |2 slo 
650 4 |a Arduino Uno  |2 slo 
650 4 |a AES  |2 slo 
650 4 |a Arduino Uno  |2 eng 
650 4 |a AES  |2 eng 
650 4 |a Bluetooth RN4020  |2 eng 
700 1 |a Zajac, Pavol  |u 035000  |k Z1  |4 ths  |U FEI Fakulta elektrotechniky a informatiky  |T FEI Ústav informatiky a matematiky  |X 10218  |U E050  |Y 816  |7 A000010218 
856 4 |u http://is.stuba.sk/zp/portal_zp.pl?podrobnosti=116062 
996 |b 284ER02513  |c E*Bc- 2513  |l EE35  |s P  |a 0  |w stuzp60523_0001